[Event "4NCL/Div4/WWKS2 vs. KTP"]
[Site "West Bromwich ENG"]
[Date "2006.05.29"]
[Round "11.1"]
[White "Hynes, Anthony"]
[Black "Healey, Michael"]
[Result "1-0"]
[WhiteElo "2175"]
[BlackElo "2015"]
[PlyCount "83"]
[EventDate "2006.05.29"]
[EventType "team"]
[EventRounds "11"]
[EventCountry "ENG"]
[SourceDate "2006.05.01"]
[WhiteTeam "Warks Select 2"]
[BlackTeam "King takes Pawn"]

1. e4 e5 2. Nf3 Nc6 3. Bc4 Nf6 4. d3 Be7 5. O-O O-O 6. Re1 d6 7. c3 Nh5 8. d4
Nf4 9. Bb5 Bf6 10. Na3 g5 11. Bxc6 bxc6 12. dxe5 dxe5 13. Bxf4 gxf4 14. Qxd8
Rxd8 15. Nc4 Re8 16. h3 Rb8 17. b4 c5 18. a3 Ba6 19. Na5 Bd3 20. Rad1 c4 21.
Nd2 Rbd8 22. Ndxc4 Bh4 23. Rd2 Bxc4 24. Nxc4 Rxd2 25. Nxd2 Rd8 26. Nf3 Be7 27.
Nxe5 Bf6 28. Nc6 Bxc3 29. Nxd8 Bxe1 30. Nc6 a6 31. Kf1 Bc3 32. Ke2 Kg7 33. Kd3
Be1 34. f3 Kf6 35. e5+ Kg5 36. Ke4 Bd2 37. Nd8 Kg6 38. e6 fxe6 39. Nxe6 c6 40.
Nxf4+ Kf6 41. Nd3 Bc3 42. f4 1-0

[Event "4NCL/Div4/WWKS2 vs. KTP"]
[Site "West Bromwich ENG"]
[Date "2006.05.29"]
[Round "11.2"]
[White "Davies, Matthew"]
[Black "Fishburne, Stewart K"]
[Result "1/2-1/2"]
[WhiteElo "1855"]
[BlackElo "2170"]
[PlyCount "66"]
[EventDate "2006.05.29"]
[EventType "team"]
[EventRounds "11"]
[EventCountry "ENG"]
[SourceDate "2006.05.01"]
[WhiteTeam "King takes Pawn"]
[BlackTeam "Warks Select 2"]

1. Nf3 g6 2. g3 Bg7 3. Bg2 d6 4. d3 Nf6 5. e4 O-O 6. O-O c5 7. a4 Nc6 8. c3 e5
9. Nbd2 h6 10. Ne1 d5 11. Nc2 Bg4 12. Qe1 dxe4 13. dxe4 Qd3 14. f3 Qxc2 15.
fxg4 Nxg4 16. Bf3 Nf6 17. Be2 Rad8 18. Rf3 Nxe4 19. Nc4 Nf6 20. Qf1 e4 21. Rxf6
Bxf6 22. Qxf6 Qxe2 23. Bxh6 Rd1+ 24. Rxd1 Qxd1+ 25. Kf2 Qf3+ 26. Qxf3 exf3 27.
Bxf8 Kxf8 28. Kxf3 Ke7 29. Kf4 Ke6 30. g4 Ne7 31. Ne3 f6 32. h4 Ng8 33. a5 b5
1/2-1/2

[Event "4NCL/Div4/WWKS2 vs. KTP"]
[Site "West Bromwich ENG"]
[Date "2006.05.29"]
[Round "11.3"]
[White "Emanuel, John"]
[Black "Carpenter, Dai"]
[Result "1/2-1/2"]
[WhiteElo "2070"]
[BlackElo "1900"]
[PlyCount "64"]
[EventDate "2006.05.29"]
[EventType "team"]
[EventRounds "11"]
[EventCountry "ENG"]
[SourceDate "2006.05.01"]
[WhiteTeam "Warks Select 2"]
[BlackTeam "King takes Pawn"]

1. c4 g6 2. g3 Bg7 3. Bg2 d6 4. Nc3 e5 5. d3 Nd7 6. e4 Ne7 7. Nge2 f5 8. Be3 c6
9. Qd2 a5 10. f4 O-O 11. O-O Nc5 12. fxe5 Ne6 13. exd6 Qxd6 14. d4 fxe4 15.
Rxf8+ Nxf8 16. Nxe4 Qb4 17. Rc1 Nf5 18. Bf2 Be6 19. d5 Bf7 20. Rc2 Re8 21. Qxb4
axb4 22. Ng5 cxd5 23. cxd5 Ne3 24. Bxe3 Rxe3 25. Nxf7 Kxf7 26. Kf2 b3 27. axb3
Rxb3 28. Rc7+ Kf6 29. d6 Rxb2 30. d7 Rd2 31. Bh3 Bh6 32. Rxb7 Ke7 1/2-1/2

[Event "4NCL/Div4/WWKS2 vs. KTP"]
[Site "West Bromwich ENG"]
[Date "2006.05.29"]
[Round "11.4"]
[White "Smith, Stuart"]
[Black "Cooper, David M"]
[Result "0-1"]
[WhiteElo "1805"]
[BlackElo "2080"]
[PlyCount "40"]
[EventDate "2006.05.29"]
[EventType "team"]
[EventRounds "11"]
[EventCountry "ENG"]
[SourceDate "2006.05.01"]
[WhiteTeam "King takes Pawn"]
[BlackTeam "Warks Select 2"]

1. e4 e6 2. d4 d5 3. Nc3 Nf6 4. Bg5 Bb4 5. e5 h6 6. Bd2 Bxc3 7. Bxc3 Ne4 8. Qg4
O-O 9. Bb4 c5 10. f3 f5 11. Qh5 cxb4 12. fxe4 fxe4 13. g3 Nc6 14. Ne2 Bd7 15.
Rd1 Qa5 16. c3 Rf5 17. Qh3 Qxa2 18. g4 Rf3 19. Qg2 Qxb2 20. cxb4 Qxb4+ 0-1

[Event "4NCL/Div4/WWKS2 vs. KTP"]
[Site "West Bromwich ENG"]
[Date "2006.05.29"]
[Round "11.5"]
[White "Fallowfield, Jeremy"]
[Black "Parry, Matthew"]
[Result "1-0"]
[WhiteElo "1990"]
[BlackElo "1677"]
[PlyCount "53"]
[EventDate "2006.05.29"]
[EventType "team"]
[EventRounds "11"]
[EventCountry "ENG"]
[SourceDate "2006.05.01"]
[WhiteTeam "Warks Select 2"]
[BlackTeam "King takes Pawn"]

1. d4 Nf6 2. c4 g6 3. Nc3 d5 4. cxd5 Nxd5 5. e4 Nxc3 6. bxc3 Bg7 7. Nf3 O-O 8.
Be2 c5 9. Rb1 Nc6 10. d5 Ne5 11. Nxe5 Bxe5 12. Qd2 e6 13. f4 Bg7 14. c4 exd5
15. cxd5 a6 16. a4 Re8 17. e5 Bf5 18. Rxb7 Be4 19. Bc4 Qh4+ 20. Qf2 Qg4 21. O-O
Rad8 22. Qd2 Bh6 23. Rc7 Rxe5 24. d6 Rxd6 25. Bxf7+ Kh8 26. Qb2 Rd4 27. Qb8+
1-0

[Event "4NCL/Div4/WWKS2 vs. KTP"]
[Site "West Bromwich ENG"]
[Date "2006.05.29"]
[Round "11.6"]
[White "Ghandi, Nayan"]
[Black "Soszynski, Marek"]
[Result "1/2-1/2"]
[WhiteElo "1750"]
[BlackElo "1895"]
[PlyCount "93"]
[EventDate "2006.05.29"]
[EventType "team"]
[EventRounds "11"]
[EventCountry "ENG"]
[SourceDate "2006.05.01"]
[WhiteTeam "King takes Pawn"]
[BlackTeam "Warks Select 2"]

1. e4 Nc6 2. Nf3 d6 3. Bc4 Nf6 4. d3 Bg4 5. Nbd2 e6 6. O-O Be7 7. c3 Ne5 8. Qe2
O-O 9. d4 Nxc4 10. Nxc4 d5 11. Ncd2 dxe4 12. Nxe4 h6 13. Qe3 Qd5 14. Ned2 c5
15. Qe5 cxd4 16. Qxd5 Nxd5 17. Nxd4 e5 18. Nc2 Rac8 19. a3 Rfd8 20. Re1 f6 21.
f3 Bc5+ 22. Kh1 Bf5 23. Ne4 Bb6 24. a4 a6 25. Na3 Bxe4 26. Rxe4 Nxc3 27. Re1
Nd5 28. b3 Bd4 29. Ra2 Nb4 30. Rd2 Bc3 31. Rxd8+ Rxd8 32. Rf1 Nd3 33. Be3 Bd4
34. Nc4 b5 35. Bxd4 Rxd4 36. axb5 axb5 37. Na5 Kf7 38. g4 Nb2 39. Kg2 Rd2+ 40.
Kg3 Kg6 41. Rc1 Nd3 42. Rc7 Nf4 43. Nc6 Rg2+ 44. Kh4 Rxh2+ 45. Kg3 Rh3+ 46. Kf2
Rh2+ 47. Kg3 1/2-1/2

[Event "4NCL/Div4/FCA2 vs. HAL"]
[Site "West Bromwich ENG"]
[Date "2006.05.29"]
[Round "11.1"]
[White "Kendall, Paul S N"]
[Black "Doran, Michael J"]
[Result "1-0"]
[WhiteElo "2075"]
[BlackElo "2025"]
[PlyCount "65"]
[EventDate "2006.05.29"]
[EventType "team"]
[EventRounds "11"]
[EventCountry "ENG"]
[SourceDate "2006.05.01"]
[WhiteTeam "FCA Solutions 2"]
[BlackTeam "Halesowen"]

1. e4 e6 2. d3 d5 3. Nd2 Nf6 4. Ngf3 Nc6 5. g3 dxe4 6. dxe4 e5 7. Bg2 Bc5 8.
O-O O-O 9. c3 a5 10. Qc2 Re8 11. Nc4 Ng4 12. h3 b5 13. hxg4 bxc4 14. Qa4 Bb7
15. Qb5 Bb6 16. Bg5 Qd6 17. Nh4 Qc5 18. Qxc5 Bxc5 19. Nf5 Nd8 20. Be3 Ne6 21.
Rfd1 g6 22. Bxc5 Nxc5 23. Ne3 Bxe4 24. Nxc4 Bxg2 25. Kxg2 e4 26. Rd5 Nd3 27.
Rh1 Reb8 28. g5 Nxb2 29. Ne5 Rd8 30. Nd7 Rxd7 31. Rxd7 Re8 32. Re1 Nd3 33. Rxd3
1-0

[Event "4NCL/Div4/FCA2 vs. HAL"]
[Site "West Bromwich ENG"]
[Date "2006.05.29"]
[Round "11.2"]
[White "Tarr, Steve"]
[Black "Elwin, Adrian G"]
[Result "0-1"]
[WhiteElo "1940"]
[BlackElo "2070"]
[PlyCount "58"]
[EventDate "2006.05.29"]
[EventType "team"]
[EventRounds "11"]
[EventCountry "ENG"]
[SourceDate "2006.05.01"]
[WhiteTeam "Halesowen"]
[BlackTeam "FCA Solutions 2"]

1. d4 Nf6 2. Nf3 g6 3. Bg5 Bg7 4. Nbd2 d5 5. e3 Bg4 6. h3 Bxf3 7. Qxf3 c6 8.
Bd3 Nbd7 9. Bf4 Qb6 10. Rb1 c5 11. c3 Qc6 12. O-O Rc8 13. Rfe1 O-O 14. e4 dxe4
15. Nxe4 cxd4 16. cxd4 Nd5 17. Rbc1 Qa4 18. Nc5 Nxc5 19. Rc4 Qd7 20. dxc5 Nxf4
21. Rxf4 Rxc5 22. Bc4 e6 23. Rd1 Qc7 24. Bb3 Rc1 25. Rb4 b6 26. Qe2 Rd8 27. Bc2
Rdxd1+ 28. Bxd1 Qd6 29. g3 Qxd1+ 0-1

[Event "4NCL/Div4/FCA2 vs. HAL"]
[Site "West Bromwich ENG"]
[Date "2006.05.29"]
[Round "11.3"]
[White "Adebajo, Femi"]
[Black "Peck, Windsor W"]
[Result "1-0"]
[WhiteElo "2050"]
[BlackElo "1910"]
[PlyCount "49"]
[EventDate "2006.05.29"]
[EventType "team"]
[EventRounds "11"]
[EventCountry "ENG"]
[SourceDate "2006.05.01"]
[WhiteTeam "FCA Solutions 2"]
[BlackTeam "Halesowen"]

1. d4 d5 2. Nc3 e6 3. Nf3 Nf6 4. g3 c5 5. Bg2 Nc6 6. O-O cxd4 7. Nxd4 Bc5 8.
Nb3 Be7 9. Bf4 a6 10. Qd2 O-O 11. a4 Bb4 12. Qc1 Bxc3 13. bxc3 e5 14. Bg5 Be6
15. Rd1 h6 16. Bxf6 Qxf6 17. Bxd5 Bxd5 18. Rxd5 Rfd8 19. Rxd8+ Rxd8 20. Qe3 Rd6
21. Nc5 Qe7 22. Rb1 Nd8 23. Qe4 g6 24. Nxb7 f5 25. Qc4+ 1-0

[Event "4NCL/Div4/FCA2 vs. HAL"]
[Site "West Bromwich ENG"]
[Date "2006.05.29"]
[Round "11.4"]
[White "Pitt, Chris W"]
[Black "Majer, Chris E"]
[Result "0-1"]
[WhiteElo "1870"]
[BlackElo "2075"]
[PlyCount "62"]
[EventDate "2006.05.29"]
[EventType "team"]
[EventRounds "11"]
[EventCountry "ENG"]
[SourceDate "2006.05.01"]
[WhiteTeam "Halesowen"]
[BlackTeam "FCA Solutions 2"]

1. e4 d5 2. exd5 Qxd5 3. Nc3 Qa5 4. d4 Nf6 5. Nf3 Ne4 6. Bd2 Nxd2 7. Qxd2 g6 8.
Ne5 Bg7 9. Nc4 Qh5 10. Be2 Qh6 11. Qxh6 Bxh6 12. Nd5 Na6 13. Ne5 Be6 14. Bb5+
Kf8 15. Ne3 Nb4 16. c3 Bxe3 17. Ba4 Bxd4 18. cxd4 Rd8 19. a3 Rxd4 20. O-O Nd3
21. Nxd3 Rxd3 22. Rac1 c6 23. Rfe1 Kg7 24. Bc2 Rd2 25. b4 Rhd8 26. h3 R8d7 27.
Re5 Kf6 28. Rc5 R7d5 29. Rc3 Re5 30. Kf1 Bd5 31. Re1 Bxg2+ 0-1

[Event "4NCL/Div4/FCA2 vs. HAL"]
[Site "West Bromwich ENG"]
[Date "2006.05.29"]
[Round "11.5"]
[White "Shaw, John S"]
[Black "Digger, Derek C"]
[Result "1/2-1/2"]
[WhiteElo "1935"]
[BlackElo "1740"]
[PlyCount "120"]
[EventDate "2006.05.29"]
[EventType "team"]
[EventRounds "11"]
[EventCountry "ENG"]
[SourceDate "2006.05.01"]
[WhiteTeam "FCA Solutions 2"]
[BlackTeam "Halesowen"]

1. d4 Nf6 2. Nf3 d6 3. Nc3 g6 4. e4 Bg7 5. Be2 O-O 6. h3 c5 7. Be3 b6 8. Qd2
Bb7 9. Rd1 Nxe4 10. Nxe4 Bxe4 11. dxc5 bxc5 12. Bxc5 Qc7 13. Bd4 Nd7 14. Bxg7
Kxg7 15. c3 Nf6 16. O-O Rad8 17. Qe3 Bc6 18. Nd4 Nd5 19. Qd2 Bd7 20. Rfe1 Qc8
21. Kh2 Rfe8 22. Bf3 Nf6 23. Re2 e6 24. Qe3 e5 25. Nc2 e4 26. Rxd6 exf3 27.
Qxf3 Rxe2 28. Rxf6 Qc7+ 29. g3 Re7 30. Ne3 Be6 31. h4 Qe5 32. Rf4 f5 33. h5 Rh8
34. Kg2 Rd7 35. g4 Bd5 36. Nxd5 Qxd5 37. gxf5 Qxf3+ 38. Kxf3 gxf5 39. Rxf5 Rf7
40. Rxf7+ Kxf7 41. c4 Rd8 42. Ke3 Ke6 43. b4 Rd1 44. a4 Rb1 45. b5 Rb4 46. Kd4
Rxa4 47. Kc5 h6 48. f4 Kf5 49. Kd5 Ra5 50. Kc5 a6 51. Kb6 Rxb5+ 52. cxb5 axb5
53. Kxb5 Kxf4 54. Kc4 Kg4 55. Kd3 Kxh5 56. Ke3 Kg4 57. Kf2 h5 58. Kg2 h4 59.
Kh2 h3 60. Kg1 Kg3 1/2-1/2

[Event "4NCL/Div4/FCA2 vs. HAL"]
[Site "West Bromwich ENG"]
[Date "2006.05.29"]
[Round "11.6"]
[White "Evans, Joyce"]
[Black "Billsberry, Jon"]
[Result "0-1"]
[WhiteElo "1440"]
[BlackElo "1800"]
[PlyCount "52"]
[EventDate "2006.05.29"]
[EventType "team"]
[EventRounds "11"]
[EventCountry "ENG"]
[SourceDate "2006.05.01"]
[WhiteTeam "Halesowen"]
[BlackTeam "FCA Solutions 2"]

1. e4 d5 2. exd5 Qxd5 3. Nc3 Qa5 4. Nf3 Nf6 5. Bc4 c6 6. O-O Bg4 7. d3 e6 8.
Bd2 Qc7 9. a3 Nbd7 10. Ne4 Ne5 11. Nxf6+ gxf6 12. Kh1 Nxf3 13. gxf3 Bh3 14. Rg1
Bd6 15. f4 Bxf4 16. Bxf4 Qxf4 17. b4 Qxf2 18. Qh5 Bf5 19. c3 O-O-O 20. Rad1 Bg6
21. Qa5 Qf3+ 22. Rg2 Qxd1+ 23. Rg1 Be4+ 24. dxe4 Qf3+ 25. Rg2 Rd1+ 26. Bf1
Rxf1# 0-1

[Event "4NCL/Div4/ATH2 vs. GREN"]
[Site "West Bromwich ENG"]
[Date "2006.05.29"]
[Round "11.1"]
[White "Draper, Adam"]
[Black "Osborne, David C"]
[Result "0-1"]
[WhiteElo "1845"]
[BlackElo "2085"]
[PlyCount "70"]
[EventDate "2006.05.29"]
[EventType "team"]
[EventRounds "11"]
[EventCountry "ENG"]
[SourceDate "2006.05.01"]
[WhiteTeam "Athenaeum 2"]
[BlackTeam "Grendels Mother"]

1. e4 c5 2. c3 Nf6 3. e5 Nd5 4. d4 cxd4 5. cxd4 e6 6. Nf3 b6 7. Be2 Be7 8. O-O
Bb7 9. Nc3 f5 10. Bc4 Nxc3 11. bxc3 Nc6 12. d5 Na5 13. Bb3 Nxb3 14. axb3 Bxd5
15. c4 Bb7 16. Nd4 O-O 17. Qe2 a6 18. Rd1 Qc7 19. Bb2 Rac8 20. Rd3 Bc5 21. Rad1
Rf7 22. f3 b5 23. Kh1 Qb6 24. h3 h5 25. Qd2 bxc4 26. bxc4 Bb4 27. Qc2 Bd5 28.
cxd5 Rxc2 29. Nxc2 Bc5 30. dxe6 dxe6 31. Bd4 Rc7 32. Bxc5 Qxc5 33. R1d2 Qxe5
34. Re3 Qb2 35. Ree2 h4 0-1

[Event "4NCL/Div4/ATH2 vs. GREN"]
[Site "West Bromwich ENG"]
[Date "2006.05.29"]
[Round "11.2"]
[White "Bass, John W"]
[Black "Aniecko, Colin"]
[Result "1/2-1/2"]
[WhiteElo "2050"]
[BlackElo "1855"]
[PlyCount "51"]
[EventDate "2006.05.29"]
[EventType "team"]
[EventRounds "11"]
[EventCountry "ENG"]
[SourceDate "2006.05.01"]
[WhiteTeam "Grendels Mother"]
[BlackTeam "Athenaeum 2"]

1. d4 d5 2. Nf3 Bf5 3. c4 e6 4. Nc3 Nf6 5. Bg5 Be7 6. e3 Nbd7 7. Rc1 c6 8. h3
h6 9. Bf4 Qa5 10. Nd2 Qb6 11. Nb3 a5 12. cxd5 Nxd5 13. Nxd5 exd5 14. Bd3 Bb4+
15. Kf1 Bxd3+ 16. Qxd3 Qa6 17. Qxa6 Rxa6 18. Nc5 Bxc5 19. dxc5 O-O 20. g4 Re8
21. h4 a4 22. Bc7 Re4 23. Rg1 Rb4 24. Rc2 f6 25. Ke2 Ne5 26. Bxe5 1/2-1/2

[Event "4NCL/Div4/ATH2 vs. GREN"]
[Site "West Bromwich ENG"]
[Date "2006.05.29"]
[Round "11.3"]
[White "Hussain, Adrian"]
[Black "Littlejohns, David P"]
[Result "0-1"]
[WhiteElo "1735"]
[BlackElo "2085"]
[PlyCount "90"]
[EventDate "2006.05.29"]
[EventType "team"]
[EventRounds "11"]
[EventCountry "ENG"]
[SourceDate "2006.05.01"]
[WhiteTeam "Athenaeum 2"]
[BlackTeam "Grendels Mother"]

1. e4 c6 2. d4 d5 3. exd5 cxd5 4. Bb5+ Bd7 5. Bxd7+ Qxd7 6. Nf3 e6 7. Bf4 Nf6
8. Nc3 Bd6 9. Be5 Nc6 10. Bxf6 gxf6 11. Qe2 Bb4 12. Qe3 Na5 13. Nd2 Rc8 14. O-O
Bxc3 15. bxc3 Qc7 16. Qh6 Ke7 17. Nb1 Rcg8 18. Qc1 Rg6 19. Qa3+ Kd7 20. Nd2
Rhg8 21. g3 h5 22. Rfe1 h4 23. Nf1 b6 24. Re2 f5 25. Rae1 f4 26. Re5 Nc4 27.
Qb3 Nxe5 28. Rxe5 hxg3 29. fxg3 fxg3 30. hxg3 f6 31. Re3 f5 32. Rxe6 Rxe6 33.
Qxd5+ Ke7 34. Qf3 f4 35. g4 Reg6 36. Qe4+ Kf8 37. Nh2 Rxg4+ 38. Nxg4 Rxg4+ 39.
Kf2 Qf7 40. Qe5 Rg7 41. Qb8+ Qe8 42. Qd6+ Kg8 43. Qd5+ Kh8 44. Qh1+ Rh7 45. Qc1
Qe4 0-1

[Event "4NCL/Div4/ATH2 vs. GREN"]
[Site "West Bromwich ENG"]
[Date "2006.05.29"]
[Round "11.4"]
[White "Hardy, Roger"]
[Black "Parkinson, Adam"]
[Result "1-0"]
[WhiteElo "2020"]
[BlackElo "1650"]
[PlyCount "57"]
[EventDate "2006.05.29"]
[EventType "team"]
[EventRounds "11"]
[EventCountry "ENG"]
[SourceDate "2006.05.01"]
[WhiteTeam "Grendels Mother"]
[BlackTeam "Athenaeum 2"]

1. e4 d5 2. exd5 Nf6 3. d4 Nxd5 4. c4 Nf6 5. Nc3 Nc6 6. Be3 Bf5 7. Nf3 e6 8.
Be2 Be7 9. O-O O-O 10. Rc1 Ng4 11. Bf4 g5 12. Bg3 h5 13. h3 Nh6 14. d5 exd5 15.
cxd5 Nb4 16. a3 Nc2 17. Rxc2 Bxc2 18. Qxc2 h4 19. Be5 f5 20. Nd4 Qd7 21. Bb5
Qc8 22. Ne6 c6 23. Bc4 Nf7 24. Qe2 Nxe5 25. Qxe5 Rf7 26. d6 b5 27. Ba2 Bxd6 28.
Qxd6 Kh8 29. Qe5+ 1-0

[Event "4NCL/Div4/ATH2 vs. GREN"]
[Site "West Bromwich ENG"]
[Date "2006.05.29"]
[Round "11.5"]
[White "Foster, James M"]
[Black "Hibbitt, Arthur M"]
[Result "0-1"]
[WhiteElo "1635"]
[BlackElo "1950"]
[PlyCount "80"]
[EventDate "2006.05.29"]
[EventType "team"]
[EventRounds "11"]
[EventCountry "ENG"]
[SourceDate "2006.05.01"]
[WhiteTeam "Athenaeum 2"]
[BlackTeam "Grendels Mother"]

1. e4 c5 2. Nf3 Nc6 3. d4 cxd4 4. Nxd4 Qb6 5. Nb3 Nf6 6. Nc3 e6 7. Be3 Qc7 8.
Be2 Bb4 9. Qd3 d5 10. f3 dxe4 11. fxe4 O-O 12. Bf3 Ne5 13. Qd4 Bxc3+ 14. Qxc3
Qxc3+ 15. bxc3 Nxf3+ 16. gxf3 Bd7 17. O-O-O Bc6 18. Rhg1 g6 19. e5 Nd5 20. Bd2
Nb6 21. Nd4 Bd5 22. Kb1 Rfc8 23. Rg3 Nc4 24. Bh6 Nxe5 25. f4 Nc6 26. Ne2 Ne7
27. Nd4 Rc4 28. Rdg1 Rac8 29. Kb2 Nc6 30. Nb5 Ra4 31. a3 a6 32. Nd4 Nxd4 33.
cxd4 Rxd4 34. Rg5 Rd2 35. Re5 Rcxc2+ 36. Kb1 Rb2+ 37. Ka1 Ra2+ 38. Kb1 Rdb2+
39. Kc1 Rxh2 40. Bg5 Ra1# 0-1

[Event "4NCL/Div1/AD vs. NWE1"]
[Site "Sunningdale ENG"]
[Date "2006.09.16"]
[Round "1.1"]
[White "Chandler, Murray G"]
[Black "Dgebuadze, Alexandre"]
[Result "1-0"]
[WhiteElo "2540"]
[BlackElo "2527"]
[PlyCount "72"]
[EventDate "2006.09.16"]

1. e4 e6 2. d4 d5 3. Nc3 Bb4 4. e5 c5 5. a3 Bxc3+ 6. bxc3 Nc6 7. Qg4 g6 8. Qf4
Qa5 9. Bd2 c4 10. Be2 h6 11. h4 Bd7 12. Nh3 Rh7 13. f3 O-O-O 14. Nf2 Rf8 15.
Ng4 Qd8 16. Qh2 f5 17. exf6 Nxf6 18. Ne5 Be8 19. Nxc6 Bxc6 20. a4 g5 21. Qe5
Nd7 22. Qg3 Rg7 23. a5 Qe7 24. hxg5 hxg5 25. Rh6 g4 26. fxg4 Nf6 27. a6 b6 28.
Bf3 Ne4 29. Qe5 Kd7 30. Bxe4 dxe4 31. Bf4 Rc8 32. g5 Bd5 33. Ke2 Kc6 34. Rah1
Rf8 35. Ke3 Rf5 36. Qb8 Rf8 1-0

[Event "4NCL/Div1/AD vs. NWE1"]
[Site "Sunningdale ENG"]
[Date "2006.09.16"]
[Round "1.2"]
[White "Morrison, Graham"]
[Black "Mestel, A Jonathan"]
[Result "1-0"]
[WhiteElo "2336"]
[BlackElo "2486"]
[PlyCount "79"]
[EventDate "2006.09.16"]

1. d4 Nf6 2. c4 g6 3. Nc3 Bg7 4. e4 d6 5. Nf3 O-O 6. Be2 Nbd7 7. O-O e5 8. Re1
c6 9. Bf1 a5 10. Rb1 Qe7 11. Bg5 h6 12. Bh4 g5 13. Bg3 Rd8 14. d5 Nc5 15. Nd2
h5 16. f3 h4 17. Bf2 Nh5 18. g4 hxg3 19. hxg3 g4 20. Be2 Bh6 21. fxg4 Nf6 22.
Kg2 Kg7 23. Rh1 Rh8 24. Bf3 Bd7 25. Nf1 b5 26. dxc6 Bxc6 27. cxb5 Ncxe4 28.
bxc6 Nxf2 29. Kxf2 e4 30. Bg2 Qa7+ 31. Ke1 Qc5 32. Qe2 Rae8 33. Qb5 Bd2+ 34.
Kxd2 Qd4+ 35. Kc2 Re5 36. Qe2 Nd5 37. Rd1 Nb4+ 38. Kb1 Nd3 39. Rxh8 Kxh8 40.
Qe3 1-0

[Event "4NCL/Div1/AD vs. NWE1"]
[Site "Sunningdale ENG"]
[Date "2006.09.16"]
[Round "1.3"]
[White "Cernousek, Lukas"]
[Black "Macak, Stefan"]
[Result "0-1"]
[WhiteElo "2418"]
[BlackElo "2341"]
[PlyCount "82"]
[EventDate "2006.09.16"]

1. e4 e6 2. d4 d5 3. Nc3 Bb4 4. e5 Qd7 5. Bd3 b6 6. Qg4 f5 7. exf6 Nxf6 8. Qh4
Ba6 9. Bg6+ Ke7 10. Bg5 Nc6 11. Bxh7 Kf7 12. Bxf6 gxf6 13. Qh6 Raf8 14. Bg6+
Ke7 15. Qe3 Rfg8 16. Bf5 Rxg2 17. Nh3 Rh4 18. O-O-O Kf7 19. Nf4 Rxf4 20. Qxf4
exf5 21. Rhg1 Rg4 22. Qh6 Ne7 23. h3 Rxg1 24. Rxg1 Qd6 25. Nd1 Qh2 26. Rg7+ Ke6
27. Qe3+ Kd7 28. Qf3 Kd8 29. Ne3 Bd6 30. Kb1 c6 31. a3 Qf4 32. Qh5 Qxf2 33.
Qh8+ Kd7 34. Qa8 Qxe3 35. Qxa7+ Ke6 36. Qxa6 b5 37. a4 bxa4 38. Rg2 Qxh3 39.
Re2+ Kf7 40. Qxa4 Qf1+ 41. Ka2 Qxe2 0-1

[Event "4NCL/Div1/AD vs. NWE1"]
[Site "Sunningdale ENG"]
[Date "2006.09.16"]
[Round "1.4"]
[White "Hague, Ben"]
[Black "Jirka, Jiri"]
[Result "1-0"]
[WhiteElo "2287"]
[BlackElo "2372"]
[PlyCount "75"]
[EventDate "2006.09.16"]

1. e4 e5 2. f4 Bc5 3. Nf3 d6 4. c3 Bb6 5. Na3 Nf6 6. d3 Ng4 7. d4 exd4 8. cxd4
O-O 9. Nc4 Re8 10. e5 Nc6 11. Nxb6 axb6 12. Be2 Nh6 13. O-O Bf5 14. Bb5 d5 15.
h3 Be4 16. Ng5 Re7 17. Nxe4 dxe4 18. Bxc6 bxc6 19. f5 c5 20. Bxh6 Qxd4+ 21.
Qxd4 cxd4 22. Bf4 c5 23. a3 Rae8 24. Rac1 e3 25. Rfd1 h6 26. Kf1 Rxe5 27. Bxe5
Rxe5 28. Ke2 Rxf5 29. Rf1 Rg5 30. g4 h5 31. Rf5 Rxf5 32. gxf5 Kf8 33. b4 cxb4
34. axb4 Ke7 35. Rc6 b5 36. Rb6 g5 37. fxg6 fxg6 38. Rxg6 1-0

[Event "4NCL/Div1/AD vs. NWE1"]
[Site "Sunningdale ENG"]
[Date "2006.09.16"]
[Round "1.5"]
[White "Richardson, John R"]
[Black "Kennaugh, Charles W"]
[Result "0-1"]
[WhiteElo "2327"]
[BlackElo "2279"]
[PlyCount "124"]
[EventDate "2006.09.16"]

1. d4 d5 2. Nf3 c6 3. c4 e6 4. e3 f5 5. Bd3 Bd6 6. b3 Nh6 7. O-O Nd7 8. Ba3
Bxa3 9. Nxa3 O-O 10. b4 Qe7 11. Qb3 Nf6 12. b5 Nf7 13. bxc6 bxc6 14. cxd5 exd5
15. Rab1 a5 16. Nc2 Ne4 17. Qa3 Qxa3 18. Nxa3 Ba6 19. Bxa6 Rxa6 20. Rfc1 Ned6
21. Ne1 g5 22. Nd3 Re8 23. Kf1 Ne4 24. Rb7 Nfd6 25. Rb2 f4 26. exf4 Nf5 27. Nc2
gxf4 28. Nxf4 Nd2+ 29. Kg1 Re4 30. Rb8+ Kf7 31. Nh3 h6 32. f3 Nxd4 33. Rd1
N2xf3+ 34. gxf3 Nxf3+ 35. Kf2 Nxh2 36. Kg3 Re2 37. Nd4 Rxa2 38. Rdb1 c5 39.
R1b7+ Kf6 40. Rf8+ Ke5 41. Ne2 Rg6+ 42. Kh4 Rf6 43. Rxf6 Kxf6 44. Nhf4 d4 45.
Rb6+ Kf5 46. Rb5 Nf3+ 47. Kg3 Ra3 48. Rxc5+ Ne5+ 49. Kf2 Ke4 50. Nxd4 Kxd4 51.
Ne6+ Ke4 52. Rc8 Ra2+ 53. Kg3 a4 54. Rh8 a3 55. Rxh6 Rc2 56. Rh8 a2 57. Ra8 Nd3
58. Ra4+ Ke3 59. Nd4 Rb2 60. Nb5 Kd2 61. Ra3 Nc1 62. Nd4 Rb1 0-1

[Event "4NCL/Div1/AD vs. NWE1"]
[Site "Sunningdale ENG"]
[Date "2006.09.16"]
[Round "1.6"]
[White "van der Linden, Lukas"]
[Black "Snape, Ian"]
[Result "1-0"]
[WhiteElo "2278"]
[BlackElo "2241"]
[PlyCount "73"]
[EventDate "2006.09.16"]

1. d4 Nf6 2. c4 c5 3. d5 e6 4. Nc3 exd5 5. cxd5 d6 6. e4 g6 7. Bd3 Bg7 8. Nge2
a6 9. a4 O-O 10. O-O Re8 11. h3 Nbd7 12. Ng3 Qc7 13. Kh1 Rb8 14. f4 c4 15. Bc2
b5 16. axb5 axb5 17. Be3 b4 18. Ra7 Rb7 19. Nb5 Qb8 20. Rxb7 Bxb7 21. Ba7 Qa8
22. Qa1 b3 23. Nc7 Qc8 24. Nxe8 Qxe8 25. Bb1 Qa8 26. Qa3 Ne8 27. Rc1 c3 28.
bxc3 f5 29. Ne2 fxe4 30. Bxe4 Nc7 31. Qxd6 Nf6 32. Qxc7 Nxe4 33. Bd4 Bxd4 34.
cxd4 b2 35. Rb1 Nf2+ 36. Kg1 Nd3 37. Qc4 1-0

[Event "4NCL/Div1/AD vs. NWE1"]
[Site "Sunningdale ENG"]
[Date "2006.09.16"]
[Round "1.7"]
[White "Anderton, David"]
[Black "Lyell, Mark"]
[Result "1-0"]
[WhiteElo "2266"]
[BlackElo "2228"]
[PlyCount "76"]
[EventDate "2006.09.16"]

1. d4 d5 2. c4 Nc6 3. Nc3 dxc4 4. Nf3 Nf6 5. e4 Bg4 6. Be3 e6 7. Bxc4 Bb4 8.
Qc2 O-O 9. Rd1 Bxf3 10. gxf3 Re8 11. Bb5 Nh5 12. a3 Bxc3+ 13. Qxc3 Qf6 14. Ke2
e5 15. Bxc6 exd4 16. Rxd4 bxc6 17. Rc1 Rab8 18. b4 Re6 19. Rc4 Qh4 20. Rxc6
Qxh2 21. Rxe6 Ng3+ 22. Kd3 Rd8+ 23. Kc4 fxe6 24. Qe5 Qh5 25. Qxg3 e5 26. Kc3
Qf7 27. Kb2 Rd3 28. Rc3 Rxc3 29. Kxc3 Qa2 30. Bc1 Qa1+ 31. Kc2 Qa2+ 32. Bb2
Qc4+ 33. Kd2 Qf1 34. Bxe5 g6 35. Bd4 a6 36. Qe5 Kf8 37. Qg7+ Ke8 38. Bc5 Kd8
1-0

[Event "4NCL/Div1/AD vs. NWE1"]
[Site "Sunningdale ENG"]
[Date "2006.09.16"]
[Round "1.8"]
[White "Milligan, Helen"]
[Black "Bellin, Jana"]
[Result "1/2-1/2"]
[WhiteElo "2037"]
[BlackElo "2152"]
[PlyCount "34"]
[EventDate "2006.09.16"]

1. e4 c5 2. Nf3 e6 3. d4 cxd4 4. Nxd4 a6 5. Bd3 Nf6 6. c4 d6 7. Nc3 g6 8. Bg5
Bg7 9. O-O O-O 10. Rc1 Nbd7 11. b3 Qc7 12. Bb1 b6 13. Kh1 Bb7 14. f3 Rac8 15.
Qd2 Qb8 16. Rfd1 Rfe8 17. Nde2 Bf8 1/2-1/2